Schedule of rates in the Kyaukse irrigation division in the irrigation circle of supprintendence for the year (Record no. 520522)
[ view plain ]
| 000 -LEADER | |
|---|---|
| fixed length control field | 00853nam a2200253 a 4500 |
| 001 - CONTROL NUMBER | |
| control field | vtls001216523 |
| 003 - CONTROL NUMBER IDENTIFIER | |
| control field | NLI |
| 005 - DATE AND TIME OF LATEST TRANSACTION | |
| control field | 20210603170521.0 |
| 008 - FIXED-LENGTH DATA ELEMENTS--GENERAL INFORMATION | |
| fixed length control field | 120525s1906 ii a s000 0 eng |
| 039 #9 - LEVEL OF BIBLIOGRAPHIC CONTROL AND CODING DETAIL [OBSOLETE] | |
| Level of rules in bibliographic description | 201205252211 |
| Level of effort used to assign nonsubject heading access points | VLOAD |
| -- | 201203282046 |
| -- | VLOAD |
| 040 0# - CATALOGING SOURCE | |
| Original cataloging agency | NLI |
| Language of cataloging | eng |
| Transcribing agency | Datasoft_IOD |
| Description conventions | AACR2 |
| 041 0# - LANGUAGE CODE | |
| Language code of text/sound track or separate title | eng |
| 044 ## - COUNTRY OF PUBLISHING/PRODUCING ENTITY CODE | |
| MARC country code | ii |
| 082 04 - DEWEY DECIMAL CLASSIFICATION NUMBER | |
| Classification number | 352.5 |
| 110 1# - MAIN ENTRY--CORPORATE NAME | |
| Corporate name or jurisdiction name as entry element | Burma (India, British). |
| Subordinate unit | Public Works Department |
| 9 (RLIN) | 638111 |
| 245 10 - TITLE STATEMENT | |
| Title | Schedule of rates in the Kyaukse irrigation division in the irrigation circle of supprintendence for the year |
| Inclusive dates | 1906-07 / |
| Statement of responsibility, etc. | Public Works Department, Government of Burma |
| 260 ## - PUBLICATION, DISTRIBUTION, ETC. | |
| Place of publication, distribution, etc. | Rangoon : |
| Name of publisher, distributor, etc. | The Department, |
| Date of publication, distribution, etc. | 1906 |
| 300 ## - PHYSICAL DESCRIPTION | |
| Extent | 5 p. : |
| Other physical details | ill. ; |
| Dimensions | 30 cm. |
| 650 #0 - SUBJECT ADDED ENTRY--TOPICAL TERM | |
| Topical term or geographic name entry element | Public works |
| Geographic subdivision | India |
| 9 (RLIN) | 332505 |
| 887 ## - NON-MARC INFORMATION FIELD | |
| Content of non-MARC field | |
| 901 ## - LOCAL DATA ELEMENT A, LDA (RLIN) | |
| a | 24992 date |
| b | 17.3.1910 |
| 902 ## - LOCAL DATA ELEMENT B, LDB (RLIN) | |
| a | GP 352.5(591) B927kid |
| 942 ## - ADDED ENTRY ELEMENTS (KOHA) | |
| Source of classification or shelving scheme | Dewey Decimal Classification |
| Koha item type | Books |
| Withdrawn status | Lost status | Damaged status | Not for loan | Collection code | Home library | Current library | Shelving location | Date acquired | Total Checkouts | Full call number | Date last seen | Price effective from | Koha item type |
|---|---|---|---|---|---|---|---|---|---|---|---|---|---|
| Government Publications | National Library of India | National Library of India | Annexe Reading Room & Stack Division | GP 352.5(591) B927kid | 03/06/2021 | 03/06/2021 | Books |
